All 50k+ cities in Alabama on a map - Statistics

General Stats
  • This quiz has been taken 500 times
  • The average score is 8 of 10
Answers on the Map
Answers color-coded by a green-red scale on the quiz's map according to % correct below.
 
Answer Stats
hint answer % Correct
197,575 Birmingham
99%
184,952 Mobile
99%
198,665 Montgomery
97%
216,963 Huntsville
94%
100,618 Tuscaloosa
87%
78,564 Auburn
71%
71,175 Dothan
67%
57,804 Decatur
62%
92,589 Hoover
61%
58,357 Madison
44%
No matching quizzes found
Score Distribution
Percent of People with Each Score
Percentile by Number Answered
Your Score History
You have not taken this quiz